00389nam a22001457a 4500003000500000038001100005082001600016100002700032245002400059260004300083300002100126500001500147880003900162880004200201NUST awaseem a297.63bHAM aHameed Ullah, Muhammad aKhutbat-e-Bhawalpur aIslamabad :bService Book Club,c2005. a424 p. ;b22 cm. aHardcover. 6100-01\raمحمدحمیداللہ 6245-02\raخطبات بہاولپور